MARC

LEADER 00000nam0a2200000 4500
001 119667
005 20231101215543.0
035 |a (RuTPU)RU\TPU\book\129532 
090 |a 119667 
100 |a 20070726d1973 km y0rusy50 ca 
101 1 |a rus  |c eng 
102 |a RU 
105 |a a z 001zy 
200 1 |a Математические методы в кинетической теории газов  |e пер. с англ.  |f К. Черчиньяни 
210 |a Москва  |c Мир  |d 1973 
215 |a 247 с.  |c ил. 
320 |a Библиография в конце глав. 
320 |a Библиография в примечаниях. 
320 |a Именной указатель: с. 242-243. 
606 1 |a Кинетическая теория газов  |2 stltpush  |3 (RuTPU)RU\TPU\subj\14355  |9 40758 
610 1 |a газовая динамика 
610 1 |a газы 
610 1 |a кинетическая теория 
610 1 |a математические методы 
610 1 |a уравнение Больцмана 
610 1 |a свойства 
610 1 |a решение 
675 |a 533.7  |v 3 
700 1 |a Черчиньяни  |b К.  |g Карло 
801 1 |a RU  |b 63413507  |c 20070726  |g PSBO 
801 2 |a RU  |b 63413507  |c 20191025  |g PSBO 
942 |c BK